000 00777nac a22002171u 4500
020 _a0071168486 (pbk.)
020 _a0070697167 (U.S.)
082 _a620.106
_bW5821
090 _c817
_d817
100 _aWhite, Frank M.
245 _aFluid mechanics /
_cFrank M. White.
250 _aInternational ed., 4th ed.
260 _aLondon :
_bMcGraw-Hill,
_c1999.
300 _axiv,826 p. :
_bill. ;
_c24 cm.
490 _aMcGraw-Hill international editions
500 _aPrevious ed.: 1994.
504 _aIncludes bibliographical references and index.
650 _aFluid mechanics.
942 _cBB
_k620.106W5821
999 _c817
_d817